Geography of Michigan... (Record no. 91372)
[ view plain ]
| 000 -LEADER | |
|---|---|
| fixed length control field | 00449cam a2200169u 4500 |
| 001 - CONTROL NUMBER | |
| control field | unk82026724 |
| 003 - CONTROL NUMBER IDENTIFIER | |
| control field | DLC |
| 005 - DATE AND TIME OF LATEST TRANSACTION | |
| control field | 20260227112759.0 |
| 008 - FIXED-LENGTH DATA ELEMENTS--GENERAL INFORMATION | |
| fixed length control field | 830111s1923 pauab 000 0 eng |
| 010 ## - LIBRARY OF CONGRESS CONTROL NUMBER | |
| LC control number | unk82026724 |
| 040 ## - CATALOGING SOURCE | |
| Original cataloging agency | DLC |
| Transcribing agency | CarP |
| Modifying agency | DLC |
| 050 00 - LIBRARY OF CONGRESS CALL NUMBER | |
| Classification number | F566 |
| Item number | .D26 |
| 100 1# - MAIN ENTRY--PERSONAL NAME | |
| Personal name | Davis, Darrell Haug, |
| Dates associated with a name | 1879- |
| 245 10 - TITLE STATEMENT | |
| Title | Geography of Michigan... |
| 260 ## - PUBLICATION, DISTRIBUTION, ETC. | |
| Place of publication, distribution, etc. | [Philadelphia, |
| Date of publication, distribution, etc. | c1923] |
| 300 ## - PHYSICAL DESCRIPTION | |
| Extent | 1 p. |
| Other physical details | l., 41 p. illus. (incl. maps) |
| Dimensions | 25 cm. |
No items available.